Manual del contador (Registro nro. 1802)

Detalles MARC
000 -LEADER
fixed length control field 02413 a2200265 4500
001 - CONTROL NUMBER
control field 29143
005 - DATE AND TIME OF LATEST TRANSACTION
control field 20260407155600.0
008 - FIXED-LENGTH DATA ELEMENTS--GENERAL INFORMATION
fixed length control field 260407a1985 arg spa d
003 - CONTROL NUMBER IDENTIFIER
control field AR-UNSa-BCEJYS
040 ## - CATALOGING SOURCE
Original cataloging agency AR-UNSa-BCEJYS
Language of cataloging spa
Transcribing agency AR-UNSa-BCEJYS
080 ## - UNIVERSAL DECIMAL CLASSIFICATION NUMBER
Universal Decimal Classification number 657
Common auxiliary subdivision Contabilidad
020 ## - INTERNATIONAL STANDARD BOOK NUMBER
International Standard Book Number 950-541-029-8
041 ## - LANGUAGE CODE
Language code of text/sound track or separate title spa
100 1# - MAIN ENTRY--PERSONAL NAME
Personal name Senderovich, Isaac Aizik
245 10 - TITLE STATEMENT
Title Manual del contador
Name of part/section of a work Normas y procedimientos, modelos y casos prácticos
264 #1 - PRODUCTION, PUBLICATION, DISTRIBUTION, MANUFACTURE, AND COPYRIGHT NOTICE
Place of production, publication, distribution, manufacture Buenos Aires :
Name of producer, publisher, distributor, manufacturer Ediciones Contabilidad Moderna
Date of production, publication, distribution, manufacture, or copyright notice 1985
300 ## - PHYSICAL DESCRIPTION
Extent 2 v. (809; 420 p.)
Dimensions 23 cm.
505 ## - FORMATTED CONTENTS NOTE
Formatted contents note Vol I: Primera Parte: Presupuestos,control economico-financiero y proyectos de inversion: 1. Definición y objetivos del sistema presupuestario - 2. Procedimiento general de presupuestacion y control - 3. Modelo basico de presupuestacion - 4. Modelo basico de control presupuestario - 5. Presupuestacion y control ajustado por inflacion - 6. Presupuestacion y control de ventas,costos y resultados - 7. Caso practico.Resumen.Presupuestacion y control de ventas y costos - 8. Evaluacion de proyectos y presupuestacion de las inversiones - 9. Caso practico:Evaluacion economico-financiera de un proyecto de inversion. Segunda parte: Concurso preventivo y quiebras: 1. Constitucion y estatutos de la S.A. - 2.Denominacion,domicilio,plazo y objeto social - 3.Capital social y tipo de aportes - 4. Directorio - 5. Asambleas - 6. Fiscalizacion - 7. Aumento de capital - 8. Reduccion del capital - 9. Sociedad de responsabilidad limitada - 10. Sociedad en comandita por acciones - 11. Sociedad colectiva - 12. Sociedad en comandita simple - 13. Sociedad de capital e industria - 14. Transformacion de sociedades - 15. Fusion de sociedades - 16. Escision - 17. Disolucion,liquidacion y reconduccion - 18. Asociaciones y fundaciones - 19. Otros aspectos - 20. Modelos especificos en jurisdiccion provincial -- Vol II: 1. Aspectos introductorios - 2. Designacion y funciones del sindico - 3. Plazos procesales y notificaciones - 4. Tramitacion de procesos conexos - 5. Concurso preventivo - 6. Quiebra - 7. Informe individual de creditos (Art.35) - 8. Informe general del sindico - 9. Acreedores: Su actuacion en los concursos.
590 ## - LOCAL NOTE (RLIN)
Local note niveau_biblio:m niveau_hierar:0
700 1# - ADDED ENTRY--PERSONAL NAME
Personal name Berenstein, Regina
700 1# - ADDED ENTRY--PERSONAL NAME
Personal name Schlesinger, Ricardo J.
700 1# - ADDED ENTRY--PERSONAL NAME
Personal name Hersz Kiperman, Enrique
700 1# - ADDED ENTRY--PERSONAL NAME
Personal name Lamas, Horacio Angel
942 ## - ADDED ENTRY ELEMENTS (KOHA)
Koha item type
Existencias
Withdrawn status Lost status Damaged status Not for loan Home library Current library Shelving location Date acquired Total checkouts Full call number Barcode Date last seen Price effective from Koha item type
        Biblioteca Prof. Eusebio Cleto del Rey Biblioteca Prof. Eusebio Cleto del Rey   07/04/2026   657 S475 v.1 L53602 07/04/2026 07/04/2026 Libro
        Biblioteca Prof. Eusebio Cleto del Rey Biblioteca Prof. Eusebio Cleto del Rey   07/04/2026   657 S475 v.2 L45594 07/04/2026 07/04/2026 Libro
        Biblioteca Prof. Eusebio Cleto del Rey Biblioteca Prof. Eusebio Cleto del Rey   07/04/2026   657 S475 v.2 L53603 07/04/2026 07/04/2026 Libro
        Biblioteca Prof. Eusebio Cleto del Rey Biblioteca Prof. Eusebio Cleto del Rey   07/04/2026   657 S475 v.2 L45033 07/04/2026 07/04/2026 Libro